01077nam a2200325 i 450000500170000000700030001700800410002002000180006104000350007904100080011408200220012210000320014424500700017626400360024630000470028233600270032933700330035633800280038952100380041754500660045565000180052165000280053965000230056765000360059065000320062665000270065870000390068594200120072499900150073620220317002028.0ta201110s2018 ck a|||er|||| 00| 0dspa d a9789588993331 aCO-BoRNBPbspacCO-BoRNBPerda0 aspa04a612.82bT67c 2221 aToro Gómez, Jaimeeautor 10aEl cerebro del siglo XXI cJaime Toro Gómez, Manuel Yepes Sanz  1aBogotá bManual modernoc2018 axix, 259 páginas bilustracionesc23 cm  2rdacontentatextobtxt 2rdamediaasin mediaciónbn 2rdacarrieravolumenbnc aRecomendado para público adulto aIncluye datos biográficos de los autores al final del texto17aCerebro2LEMB17aAnatomía humana2LEMB17aNeurología2LEMB17aNeurociencia cognoscitiva2LEMB17aCerebroxEnfermedades2LEMB17aSistema nervioso2LEMB1 aYepes Sanz, Manuel eautor9155551 2ddccBK c8947d8947